00320nam a2200097Ia 45000010005000000080041000050820027000461000030000732450103001032600016002061460241024s9999 xx 000 0 und d aRD/350/p273i/ITEP-2010 aParticipación Ciudadana 0aIndice de cumplimiento de normas que promueven transparencia en la gestión pública (ITEP_2010) bUSAIDc2010